Drapeau - Difficulté: Extrême 4 - Statistiques

Statistiques générales
  • Ce quiz a été pris 61 fois
  • Le résultat moyen est 3 sur 16
Statistiques - réponses
Par images Réponse % Correct
Îles Féroé
69%
Sardaigne
63%
Irlande du Nord
61%
Normandie
53%
Chypre du Nord
39%
Afrique du Sud
20%
États Confédérés
10%
Espéranto
8%
Bavière
6%
New York
6%
Sikkim
4%
Stockholm
2%
Empire Moghol
0%
Khurdistan
0%
Pays de Léon
0%
Wessex
0%
Aucun quiz correspondant
Distribution des résultats
% des personnes avec chaque résultat
Percentile par nombre de réponses
Votre historique - résultats
Vous n’avez pas pris ce quiz